По прошению капитана 3-го ранга Б. Страховского о разрешении ему учреждения акционерного параходного и страхового общества "Паро...

Доступно только в Электронных читальных залах Найти на картеНа карте
RUSMARC
00004093cmc2a22000002x 450
001e92d2ec4653c4dd7a79806d87e043c71
00520170530142738.0
100##$a20130919l19081909k y0rusy0189 ca
1010#$arus
102##$aRU
2250#$aФонд Совет министров (1905-1917)
$hОпись № 4
$i1908 г.
300##$aМашинописный текст. Чернила
300##$aОригинальный заголовок дела: По прошениям капитана 2 ранга Страховского
324##$aПленка
801#0$aRU
$bРГИА
$c20130919
801#1$aRU
$bГлавНИВЦ
$c20130919
$2rusmarc
801#2$aRU
$bПБ им. Б.Н. Ельцина
$c20130919
$gRCR
$2rusmarc
850##$aФедеральное казенное учреждение "Российский государственный исторический архив" (РГИА)
852##$aРГИА
$j410
937##$aASBIBLIO_SCAN
$bРГИА_1276:_4:_410:
$d1408951
$hРГИА
2001#$aПо прошению капитана 3-го ранга Б. Страховского о разрешении ему учреждения акционерного параходного и страхового общества "Пароходство-Каботаж" для перевозки грузов между Россией и Швецией. Записка Б. Страховского о росте германского торгового флота и необходимости развития русского флота и необходимости развития русского флота в Балтийском море (лл. 11-15)
$j4 декабря 1908 года - 9 октября 1909 года
215##$a40 листов
035##$ae92d2ec4653c4dd7a79806d87e043c71
1222#$ad19081204##
$ad19091009##
251##$cДело
461#0$1001c7912e80-a322-4844-9992-beca65726c82
$12001
$aСовет министров (1905-1917)
$1251
$cФонд
$1852
$j1276
462#0$100128effbc8-45a8-4844-a30d-fda4587ad6d6
$12001
$a1908 г.
$vД. 410
$1251
$cОпись
$1852
$j4
5171#$aПо прошениям капитана 2 ранга Страховского
Формат отображения